| 000 | 00629nam a22002177a 4500 | ||
|---|---|---|---|
| 005 | 20180530125740.0 | ||
| 010 | _aENG-103070 | ||
| 020 |
_a9780070702530 _c395.00 |
||
| 020 |
_a0070702535 _c395.00 |
||
| 035 | _aEN-86603 | ||
| 037 | _bDBAD/PUB | ||
| 082 | _a621.4022 | ||
| 100 | _aNag, P.K. | ||
| 245 |
_aHeat and mass transfer / _cby P.K. Nag |
||
| 250 | _a3rd ed | ||
| 260 |
_aNew Delhi _bTata McGraw Hill _c2011 |
||
| 270 |
_a7, West Petel Nagar _bNew Delhi _e110008 |
||
| 300 |
_axvi,798p. _c25cm.(pbk) |
||
| 500 | _aIncludes bibliographical references and index | ||
| 942 |
_2ddc _cEN _mNAG _h621.4022 |
||
| 999 |
_c54117 _d54117 |
||